000 00552nam a2200181 4500
001 109176
003 ES-MaACL
005 20250820063041.0
007 t|
008 061121s1914 sp r ||||1| spa d
100 1 _aOliver, Miquel dels Sants,
_d1864-1920
_986825
245 1 4 _aLos españoles en la revolución francesa
_b: Primera serie /
_cMiguel S. Oliver.
260 _aMadrid :
_bRenacimiento,
_c1914.
300 _a281 p. ;
_c18 cm.
852 _aES-MaACL
_jB-9484
_bR.18468
852 _aES-MaACL
_jF-1921
999 _c109176
_d109176